Изучение влияния низкочастотного акустического воздействия и присадки комплексного действия на кинетику релаксационных процессов в высокопарафинистой нефти; Химия и химическая технология в XXI веке

التفاصيل البيبلوغرافية
Parent link:Химия и химическая технология в XXI веке.— 2016.— [С. 379-380]
المؤلف الرئيسي: Рыжова Н. С.
مؤلف مشترك: Национальный исследовательский Томский политехнический университет (ТПУ) Институт природных ресурсов (ИПР) Кафедра химической технологии топлива и химической кибернетики (ХТТ)
مؤلفون آخرون: Попок Е. В. Евгений Владимирович (научный руководитель), Лоскутова Ю. В.
الملخص:Заглавие с экрана
اللغة:الروسية
منشور في: 2016
سلاسل:Технология и моделирование процессов подготовки и переработки углеводородного сырья
الموضوعات:
الوصول للمادة أونلاين:http://earchive.tpu.ru/handle/11683/30708
التنسيق: الكتروني فصل الكتاب
KOHA link:https://koha.lib.tpu.ru/cgi-bin/koha/opac-detail.pl?biblionumber=618861

MARC

LEADER 00000naa2a2200000 4500
001 618861
005 20231101133031.0
035 |a (RuTPU)RU\TPU\conf\17253 
035 |a RU\TPU\conf\17252 
090 |a 618861 
100 |a 20160618d2016 k y0rusy50 ca 
101 0 |a rus 
102 |a RU 
105 |a y z 101zy 
135 |a drcn ---uucaa 
181 0 |a i  
182 0 |a b 
200 1 |a Изучение влияния низкочастотного акустического воздействия и присадки комплексного действия на кинетику релаксационных процессов в высокопарафинистой нефти  |f Н. С. Рыжова  |g науч. рук. Е. В. Попок, Ю. В. Лоскутова 
203 |a Текст  |c электронный 
225 1 |a Технология и моделирование процессов подготовки и переработки углеводородного сырья 
230 |a 1 компьютерный файл (pdf; 553 Kb) 
300 |a Заглавие с экрана 
463 0 |0 (RuTPU)RU\TPU\conf\17060  |t Химия и химическая технология в XXI веке  |o материалы XVII Международной научно-практической конференции студентов и молодых ученых имени профессора Л.П. Кулёва, посвященной 120-летию Томского политехнического университета, 17–20 мая 2016 г., г. Томск  |f Национальный исследовательский Томский политехнический университет (ТПУ) ; Институт природных ресурсов (ИПР) ; Институт физики высоких технологий (ИФВТ) ; Физико-технический институт (ФТИ) ; Сибур-Холдинг  |v [С. 379-380]  |d 2016 
610 1 |a труды учёных ТПУ 
610 1 |a электронный ресурс 
610 1 |a парафинистые нефти 
610 1 |a трубопроводы 
610 1 |a энергосберегающие технологии 
610 1 |a нефтяные месторождения 
610 1 |a кинетика 
700 1 |a Рыжова  |b Н. С. 
702 1 |a Попок  |b Е. В.  |c химик-технолог  |c доцент Томского политехнического университета, кандидат технических наук  |f 1987-  |g Евгений Владимирович  |2 stltpush  |4 727 
702 1 |a Лоскутова  |b Ю. В.  |4 727 
712 0 2 |a Национальный исследовательский Томский политехнический университет (ТПУ)  |b Институт природных ресурсов (ИПР)  |b Кафедра химической технологии топлива и химической кибернетики (ХТТ)  |h 105  |2 stltpush  |3 (RuTPU)RU\TPU\col\18665 
801 2 |a RU  |b 63413507  |c 20160705  |g RCR 
856 4 |u http://earchive.tpu.ru/handle/11683/30708 
942 |c BK